[Event "Guingamp op 6th"]
[Site "Guingamp"]
[Date "2002.??.??"]
[Round "2"]
[White "Cadic, Florian"]
[Black "Mesnil, Bruno"]
[Result "0-1"]
[WhiteElo "1240"]
[BlackElo "1660"]
[PlyCount "76"]
[EventDate "2002.04.16"]
[EventType "swiss"]
[EventRounds "7"]
[EventCountry "FRA"]
[SourceTitle "EXT 2003"]
[Source "ChessBase"]
[SourceDate "2002.11.25"]
[SourceVersion "1"]
[SourceVersionDate "2002.11.25"]
[SourceQuality "1"]

1. e4 e5 2. Nf3 Nc6 3. Bc4 Nf6 4. Nc3 Nxe4 5. Nxe4 d5 6. Bxd5 Qxd5 7. Nc3 Qd8 8. 0-0 Bg4 9. d3 Be7 10. Re1 0-0 11. h3 Bh5 12. Nxe5 Bxd1 13. Nxd1 Nxe5 14. Rxe5 Bd6 15. Rd5 Bh2+ 16. Kxh2 Qxd5 17. Ne3 Qd7 18. c4 Rae8 19. a4 Qxd3 20. Ra3 Qe2 21. f3 Re6 22. Rc3 Rfe8 23. b3 Rxe3 24. Bxe3 Rxe3 25. Rc1 Rxf3 26. Rg1 Rf1 27. Rxf1 Qxf1 28. c5 Kf8 29. b4 Ke7 30. a5 Kf6 31. b5 Qxb5 32. c6 bxc6 33. h4 Kf5 34. a6 Kg4 35. h5 Qe5+ 36. Kg1 Qf4 37. h6 Kg3 38. hxg7 Qc1# 0-1

[Event "FRA-chT3 01"]
[Site "France"]
[Date "2000.10.15"]
[Round "1"]
[White "Chambouleyron, Eric"]
[Black "Mesnil, Bruno"]
[Result "1-0"]
[WhiteElo "1820"]
[BlackElo "1820"]
[PlyCount "51"]
[EventDate "2001.??.??"]
[EventType "team"]
[EventRounds "9"]
[EventCountry "FRA"]
[SourceTitle "EXT 2002"]
[Source "ChessBase"]
[SourceDate "2001.11.25"]
[SourceVersion "1"]
[SourceVersionDate "2001.11.25"]
[SourceQuality "1"]
[WhiteTeam "Suce sur Erdre"]
[BlackTeam "Equeurdreville"]
[WhiteTeamCountry "FRA"]
[BlackTeamCountry "FRA"]

1. e4 e5 2. Nf3 Nc6 3. Bb5 a6 4. Ba4 Nf6 5. 0-0 Be7 6. Re1 b5 7. Bb3 d6 8. c3 0-0 9. h3 Na5 10. Bc2 c5 11. d4 Qc7 12. Nbd2 Re8 13. Nf1 Bf8 14. Bg5 Nd7 15. Ne3 Nb6 16. Nd5 Nxd5 17. exd5 h6 18. Bf4 Bb7 19. dxe5 dxe5 20. Qd3 g6 21. Nxe5 Nc4 22. Nxg6 Rxe1+ 23. Rxe1 Bd6 24. Ne7+ Kf8 25. Qh7 Ke8 26. Qg8+ 1-0